| 000 | 00449nam a2200169Ia 4500 | ||
|---|---|---|---|
| 003 | GCL | ||
| 008 | 140319s9999 xx 000 0 eng d | ||
| 040 |
_aGCL / _cGCL |
||
| 082 | 0 | 4 |
_a616.8914 _bSP |
| 100 | 1 | _aSTERN, E. MARK | |
| 245 | 1 | 0 |
_aPsycho Therapy And The Memorable Patient / _cSTERN, E. MARK |
| 700 | 1 | _aKIR-STIMON, WILLIAM | |
| 260 |
_a[S.N] : _bTHE HAWORTH PRESS |
||
| 650 | 0 | 4 | _aPATIENTS |
| 650 | 0 | 4 | _aPSYCHOTHERAPIST |
| 942 |
_2ddc _cBK |
||
| 999 |
_c18847 _d18847 |
||